| 000 | 00668nam a2200193Ia 4500 | ||
|---|---|---|---|
| 008 | 140609s9999 xx 000 0 und d | ||
| 020 | _a9780417228134 | ||
| 050 |
_aLC 1099.3 _b.M85 2003 |
||
| 245 |
_aMulticultural education : _bissues and perspectives / _cedited by James A. Banks, Cherry A. McGee Banks |
||
| 250 | _aUpdated 4th ed. | ||
| 260 |
_aNew York : _bJohn Wiley & Sons, _cc2003. |
||
| 300 |
_a444 p. ; _c24 cm. |
||
| 500 | _aIncludes bibliographical references, glossary and index. | ||
| 521 | _aGE | ||
| 650 |
_aEducational anthropology _xUnited States. |
||
| 650 |
_aEducational equalization _xUnited States. |
||
| 942 |
_kFOR _cBK |
||
| 999 |
_c117946 _d117946 |
||